| 000 | 00574nam a2200193 a 4500 | ||
|---|---|---|---|
| 001 | 1970 | ||
| 005 | 20140414131902.0 | ||
| 008 | 041223s19uu xx 00 eng d | ||
| 020 | _a0-590-63473-9 | ||
| 050 |
_aFIC _bF91 1997 |
||
| 100 | _aFriendman, Michael Jan | ||
| 245 |
_aThe mutt in the iron muzzle / _cby Michael Jan Friedman. |
||
| 260 |
_aNew York : _bScholastic, _c1997. |
||
| 300 | _a141 p. ; cm. | ||
| 440 | _aThe Adventures of wishbone. | ||
| 500 | _aInspired by the Man in the Iron Mask by Alexandre Dumas. | ||
| 650 |
_aDogs _xFiction. |
||
| 999 |
_c110689 _d110689 |
||